How to be the person you really want to be. (Record no. 12618)

000 -LEADER
fixed length control field 00512nam a2200181 a 4500
001 - CONTROL NUMBER
control field :::00010427$&:&@@
003 - CONTROL NUMBER IDENTIFIER
control field OkBaRHE
005 - DATE AND TIME OF LATEST TRANSACTION
control field 20000607103359.0
008 - FIXED-LENGTH DATA ELEMENTS--GENERAL INFORMATION
fixed length control field j 000 0 eng u
040 ## - CATALOGING SOURCE
Transcribing agency
100 1# - MAIN ENTRY--PERSONAL NAME
Personal name Hale, Leslie.
245 10 - TITLE STATEMENT
Title How to be the person you really want to be.
260 ## - PUBLICATION, DISTRIBUTION, ETC. (IMPRINT)
Place of publication, distribution, etc No Imprint.
300 ## - PHYSICAL DESCRIPTION
Extent 13 p. ;
Dimensions 21 cm.
650 ## - SUBJECT ADDED ENTRY--TOPICAL TERM
Topical term or geographic name as entry element Christian Life
942 ## - ADDED ENTRY ELEMENTS (KOHA)
Source of classification or shelving scheme
Koha item type Books
Copies
Permanent Location Price effective from Source of classification or shelving scheme Withdrawn status Lost status Damaged status Barcode Koha item type Date last seen Copy number Shelving location Not for loan Full call number Date acquired
RHEMA Bible Training College2010-04-14    10427Books2010-04-141General Stacks BV 4501 .H32010-04-14